| 000 | 00400nam a2200169Ia 4500 | ||
|---|---|---|---|
| 008 | 230524s9999 xx 000 0 und d | ||
| 020 | _a9780198072392 | ||
| 082 | _bBHA | ||
| 100 |
_aBasudeb Bhatta _940712 |
||
| 245 | 0 | _aRemote Sensing and GIS | |
| 250 | _a2 | ||
| 260 |
_aNew Delhi _bOxford _c2015 |
||
| 300 | _a"XXI,705p;" | ||
| 500 | _aQuantity Number: 1 | ||
| 650 | _aComp-Sc | ||
| 942 | _cBK | ||
| 999 |
_c57643 _d57643 |
||